| 000 | 00594cam a2200181 4500 | ||
|---|---|---|---|
| 001 | 2030 | ||
| 005 | 20181127164429.0 | ||
| 008 | 091116s2011 njuab b 001 0 eng | ||
| 020 | _a0132251507 | ||
| 020 | _a9780132251507 | ||
| 100 | 1 |
_aKeller, Edward A., _d1942- |
|
| 245 | 1 | 0 |
_aIntroduction to environmental geology / _cEdward A. Keller. |
| 250 | _a7th ed. | ||
| 260 |
_aUpper Saddle River, N.J. : _bPearson Prentice Hall, _c2008. |
||
| 300 |
_av. _bill. (some col.), col. maps ; _c29 cm. |
||
| 504 | _aIncludes bibliographical references and index. | ||
| 650 | 0 |
_aEnvironmental geology _vTextbooks. |
|
| 999 |
_c1580 _d1580 |
||